000 00768nam a2200265 i 4500
001 000029739
003 DO-SdBNP
005 20230720145906.0
007 ta
008 110425s2005 dr a 000 0 spa d
020 _a9993425591
040 _aDO-SdBNP
_bspa
_cBNPHU
_erda
082 4 _bE77m
_222
100 1 _aEspinal, Georgina,
_910498
_eautora
245 1 0 _aManual de prácticas de microbiología I/
_cGeorgina Espinal.
264 1 _aSanto Domingo :
_bINTEC,
_c2005.
300 _a2 volumenes :
_bilustraciones ;
_c28 cm.
336 _2rdacontent
_atexto
_btxt
337 _2rdamedia
_asin mediación
_bn
338 _2rdacarrier
_avolumen
_bnc
504 _aBibliografía : p. 39
590 _aInventariado, 2023/BT
910 _aBtavárez
942 _2ddc
_cLF2
999 _c29231
_d29231